<?xml version="1.0" encoding="UTF-8"?>
<collection xmlns:xsi="http://www.w3.org/2001/XMLSchema-instance" xsi:schemaLocation="http://www.loc.gov/MARC21/slim http://www.loc.gov/standards/marcxml/schema/MARC21slim.xsd" xmlns="http://www.loc.gov/MARC21/slim">
 <record>
  <leader>00000nam a22000004a 4500</leader>
  <controlfield tag="001">UP-8028113383129642179</controlfield>
  <controlfield tag="003">Buklod</controlfield>
  <controlfield tag="005">20260312113527.0</controlfield>
  <controlfield tag="006">m    |o  d |      </controlfield>
  <controlfield tag="007">ta</controlfield>
  <controlfield tag="008">260312s2015    xxu     r    |||| u|eng d</controlfield>
  <datafield tag="040" ind1=" " ind2=" ">
   <subfield code="a">DARC</subfield>
   <subfield code="e">rda</subfield>
  </datafield>
  <datafield tag="041" ind1=" " ind2=" ">
   <subfield code="a">eng</subfield>
  </datafield>
  <datafield tag="090" ind1=" " ind2="0">
   <subfield code="a">LG 995 2015 A7</subfield>
   <subfield code="b">K53</subfield>
  </datafield>
  <datafield tag="100" ind1="1" ind2=" ">
   <subfield code="a">Kiat-Ong, Chester Allan P.</subfield>
   <subfield code="e">author</subfield>
  </datafield>
  <datafield tag="245" ind1="1" ind2="0">
   <subfield code="a">Glue-laminated Benguet Pine</subfield>
   <subfield code="b">mechanical properties and simple structural application on floor joists</subfield>
   <subfield code="c">Chester Allan P. Kiat-Ong ; Luis Ma. T. Bo-ot, adiser.</subfield>
  </datafield>
  <datafield tag="264" ind1=" " ind2="1">
   <subfield code="a">Quezon City</subfield>
   <subfield code="b">College of Architecture, University of the Philippines Diliman</subfield>
   <subfield code="c">May 2015</subfield>
  </datafield>
  <datafield tag="300" ind1=" " ind2=" ">
   <subfield code="a">ix, 62 leaves</subfield>
   <subfield code="b">illustrations (some color)</subfield>
   <subfield code="c">28 cm.</subfield>
  </datafield>
  <datafield tag="336" ind1=" " ind2=" ">
   <subfield code="a">text</subfield>
   <subfield code="2">rdacontent</subfield>
  </datafield>
  <datafield tag="337" ind1=" " ind2=" ">
   <subfield code="a">unmediated</subfield>
   <subfield code="2">rdamedia</subfield>
  </datafield>
  <datafield tag="338" ind1=" " ind2=" ">
   <subfield code="a">volume</subfield>
   <subfield code="2">rdacarrier</subfield>
  </datafield>
  <datafield tag="500" ind1=" " ind2=" ">
   <subfield code="a">Include appendices</subfield>
  </datafield>
  <datafield tag="502" ind1=" " ind2=" ">
   <subfield code="a">Thesis (Master of Architecture) -- University of the Philippines Diliman</subfield>
   <subfield code="d">May 2015</subfield>
  </datafield>
  <datafield tag="520" ind1="3" ind2=" ">
   <subfield code="a">A way to address risk in depletion of natural resources for building construction the use of sustainable materials. To strengthen the material and lessen waste, wood can be manufactured into glue-laminated timber.&#13;
This study aims to investigate glue lamination of Benguet Pine (Pinus Kesiya Royle Ex Gordon), which is a Philippine wood species endemic in mountainous regions, for its structural strength and mechanical properties. Samples used were with lamina size of 25mm x 100mm (length is dependent on the test to be done) and built-up to sections using at least four laminas.&#13;
The glue laminated samples’ results were compared with the mechanical properties of solid Benguet pine of which the former shows a significant difference in their mechanical properties. Test results showed that Benguet Pine can be identified as an E150-F435 grade of the Japanese Agricultural Standard (JAS) for Glue Laminated Timber but and cannot be identified with the GL grades of the British Standard (EN) and Glue Laminated Timber of Australia Association (GLTAA) due to the required strength in the MOE of compression parallel. The result were theoretically applied to a simply supported and fully lateral-supported floor joist to show the possibility of its structural use</subfield>
  </datafield>
  <datafield tag="650" ind1=" " ind2="0">
   <subfield code="a">Laminated wood.</subfield>
  </datafield>
  <datafield tag="650" ind1=" " ind2="0">
   <subfield code="a">Building materials.</subfield>
  </datafield>
  <datafield tag="650" ind1=" " ind2="0">
   <subfield code="a">Sustainable architecture.</subfield>
  </datafield>
  <datafield tag="695" ind1="0" ind2="0">
   <subfield code="a">FI.</subfield>
  </datafield>
  <datafield tag="700" ind1="1" ind2=" ">
   <subfield code="a">Luis Ma. T. Bo-ot</subfield>
   <subfield code="e">thesis adviser.</subfield>
  </datafield>
  <datafield tag="842" ind1=" " ind2=" ">
   <subfield code="a">Thesis</subfield>
  </datafield>
  <datafield tag="905" ind1=" " ind2=" ">
   <subfield code="a">FI</subfield>
  </datafield>
  <datafield tag="852" ind1="0" ind2=" ">
   <subfield code="a">UPD</subfield>
   <subfield code="b">DARC</subfield>
   <subfield code="h">LG 995 2015 A7</subfield>
   <subfield code="i">K53</subfield>
  </datafield>
  <datafield tag="942" ind1=" " ind2=" ">
   <subfield code="a">Thesis</subfield>
  </datafield>
 </record>
</collection>
